| 000 | 00693nam a22001457a 4500 | ||
|---|---|---|---|
| 999 |
_c60893 _d60893 |
||
| 005 | 20231115120733.0 | ||
| 008 | 231115s1962 ru ||||| |||| 00| 0 rus d | ||
| 041 | _arus | ||
| 080 | _a821.14'02-82.03=161.1 Л-84 | ||
| 245 |
_aЛукиан из Самосаты : _bИзбранное / _cПеревод с древнегреческого; Составление и комментарии И. Нахова и Ю. Шульца |
||
| 264 |
_aМосква : _bГосиздат художественной литературы, _c1962. |
||
| 300 |
_a516 с.: _bил.; _c20 см. |
||
| 653 | _aძველი ბერძნული ლიტერატურა | ||
| 942 |
_2udc _cᲬᲘᲒᲜᲘ |
||